000 00330nam a2200133 4500
999 _c510528
_d510528
008 190822b ||||| |||| 00| 0 eng d
100 _aGhosal, Jayanta Kumar
_98699
245 _aTagore and Gandhi
260 _c2019
300 _ap.31-32.
773 _aMainstream
906 _aGandhi, Mohan Das Karamchand
942 _2ddc
_cAR